000 00789nmc a2200289 a 4500
003 AR-BaBNM
005 20251128211838.0
008 016120s2002 ||||||||||||||000 | spa||
020 _a0-582-369995-9
040 _cAR-BaBNM
100 1 _aGrabe, William
245 1 0 _aTeaching and researching reading
260 _aHarlow
_bLongman
_c2002
300 0 _a291 p.
490 0 _aApplied linguistics in action
504 _aContiene referencias bibliográficas
650 4 _aENSENANZA DE IDIOMAS
650 4 _aINGLES
650 4 _aINVESTIGACION LINGUISTICA
650 4 _aENSENANZA DE LA LECTURA
650 4 _aMETODOS DE ENSENANZA
700 1 _aStoller, Fredricka L.
800 1 _aCandlin, Christopher N.
800 1 _aHall, David R.
942 _cBK
998 _cme-solo cat
999 _c21366
_d21366